| 000 | 03182 a2200301 4500 | ||
|---|---|---|---|
| 003 | NALT | ||
| 005 | 20250725092034.0 | ||
| 008 | 250611b th ||||| |||| 00| 0 tha d | ||
| 020 | _a9789740342908 | ||
| 040 | _aNALT | ||
| 050 |
_aJF 1358.T5 _bส898ก 2567 |
||
| 100 | 0 |
_aเสน่ห์ จุ้ยโต. _925740 |
|
| 245 | 1 | 0 |
_aการบริหารธรรมาภิบาล : ต้นแบบองค์กรปกครองส่วนท้องถิ่นสู่ความเป็นเลิศ = _bGood governance : Prototype of local government organization towards excellence / _cเสน่ห์ จุ้ยโต. |
| 246 | 3 | 1 |
_aGood governance : _bPrototype of local government organization towards excellence. |
| 250 | _aพิมพ์ครั้งที่ 1. | ||
| 260 |
_aกรุงเทพฯ : _bสำนักพิมพ์จุฬาลงกรณ์มหาวิทยาลัย, _c2567. |
||
| 300 |
_a262 หน้า : _bภาพประกอบ, ตาราง ; _c26 ซม. |
||
| 505 | 2 | _aบทที่ 1 พัฒนาการของการบริหารธรรมาภิบาล -- บทที่ 2 สภาพแวดล้อม สาเหตุ และแนวคิดเกี่ยวกับการบริหารธรรมาภิบาล -- บทที่ 3 องค์ประกอบการบริหารธรรมาภิบาลของหน่วยราชการ -- บทที่ 4 ตัวแบบการใช้พุทธธรรมในการบริหารธรรมาภิบาล -- บทที่ 5 พัฒนาการของการบริหารธรรมาภิบาล -- บทที่ 6 การบริหารธรรมาภิบาล : กรณีศึกษาองค์กรปกครองส่วนท้องถิ่น -- บทที่ 7 การจัดทำมาตรฐานทางคุณธรรมและจริยธรรม : กรณีศึกษาองค์กรปกครองส่วนท้องถิ่น -- บทที่ 8 งานวิจัยและพัฒนา (1) : ตัวชี้วัดการบริหารงานบุคคลขององค์กรปกครองส่วนท้องถิ่น -- บทที่ 9 งานวิจัยและพัฒนา (2) : ต้นแบบการบริหารธรรมาภิบาลองค์กรปกครองส่วนท้องถิ่นสู่ความเป็นเลิศ. | |
| 650 | 4 |
_aธรรมรัฐ _93947 |
|
| 650 | 4 |
_aการบริหารรัฐกิจ _zไทย _916498 |
|
| 650 | 4 |
_aการปกครองท้องถิ่น _zไทย _910152 |
|
| 653 | 4 | _aธรรมาภิบาล | |
| 942 |
_cGB _2lcc |
||
| 996 |
_ajidapa.t _bACQSTF _c2025-06-11 |
||
| 996 |
_avaree.k _bLIBSTF _c2025-06-20 |
||
| 996 |
_asaiphon.d _bCATSTF _c2025-07-09 |
||
| 999 |
_c106805 _d106805 |
||
| 998 |
_j8 _k นายบัณฑิต อุทาวงค์ |
||